| 000 | 01009 a2200217 4500 | ||
|---|---|---|---|
| 001 | 10414 | ||
| 005 | 20260407155437.0 | ||
| 008 | 260407a2011 arg spa d | ||
| 003 | AR-UNSa-BCEJYS | ||
| 040 |
_aAR-UNSa-BCEJYS _bspa _cAR-UNSa-BCEJYS |
||
| 080 |
_a330.101.541 _xMacroeconomía |
||
| 245 | 1 | 0 | _aMacroeconomía básica |
| 020 | _a978-987-633-078-7 | ||
| 264 | 1 |
_aSalta : _bUniversidad Nacional de Salta _c2011 |
|
| 300 |
_a145 p. _c28 cm. |
||
| 505 | _a1. Introducción - 2. Conceptos básicos - 3. Contabilidad nacional - 4. El sector real - 5. El sector monetario - 6. El sector externo - 7. La demanda agregada - 8. La oferta agregada - 9. El equilibrio general de la economía - 10. Problemas de políticas económica I - 11. Problemas de política económica II - 12. Glosario | ||
| 942 | _cBK | ||
| 590 | _aniveau_biblio:m niveau_hierar:0 | ||
| 100 | 1 | _aAntonelli, Eduardo David | |
| 856 | 4 | 1 |
_uhttps://biblioeco.unsa.edu.ar/pmb/images/libros/antonelli-L118621.jpg _yImagen de portada _qimage/jpeg |
| 999 |
_c447 _d447 |
||